| 000 | 00677nam a2200217 i 4500 | ||
|---|---|---|---|
| 001 | 141526 | ||
| 003 | ES-MaACL | ||
| 005 | 20250901105433.0 | ||
| 007 | t| | ||
| 008 | 070925s1962 sp ||||1| spa d | ||
| 080 | _a382(02) | ||
| 080 | _a382(46) | ||
| 100 | 1 |
_aVillegas Muñecas, Eduardo. _9115225 |
|
| 245 | 1 | 0 |
_aMemento y guía práctica del comercio exterior moderno / _cEduardo Villegas Muñecas. |
| 260 |
_a[Zaragoza : _bs.n., _c1962] ( _fImp. Heraldo de Aragón) |
||
| 300 |
_a151 p. ; _c21 cm. |
||
| 650 | 1 | 7 |
_aComercio exterior _2embne _911168 |
| 651 | 4 |
_aEspaña- _xComercio exterior. _98178 |
|
| 852 |
_aES-MaACL _jC-24191 _bR.51548 |
||
| 999 |
_c141526 _d141526 |
||